Automated face recognition / (Record no. 210873)

000 -LEADER
fixed length control field 00514 a2200181 4500
003 - CONTROL NUMBER IDENTIFIER
control field NUST
005 - DATE AND TIME OF LATEST TRANSACTION
control field 20251125172613.0
040 ## - CATALOGING SOURCE
Transcribing agency Nust
082 ## - DEWEY DECIMAL CLASSIFICATION NUMBER
Classification number 621.382,HUS
100 ## - MAIN ENTRY--PERSONAL NAME
Personal name Hussain,Aatqa (TCC-21)
9 (RLIN) 132098
245 ## - TITLE STATEMENT
Title Automated face recognition /
Statement of responsibility, etc. Aatqa hussain & Mohsin Tanveer and Adil Munir
260 ## - PUBLICATION, DISTRIBUTION, ETC.
Place of publication, distribution, etc. Rawalpindi
Name of publisher, distributor, etc. MCS (NUST)
Date of publication, distribution, etc. June-2013
300 ## - PHYSICAL DESCRIPTION
Extent xiv,103 p.;
650 ## - SUBJECT ADDED ENTRY--TOPICAL TERM
Topical term or geographic name entry element UG Project
9 (RLIN) 131132
651 ## - SUBJECT ADDED ENTRY--GEOGRAPHIC NAME
Geographic name TCC-21
9 (RLIN) 132099
700 ## - ADDED ENTRY--PERSONAL NAME
Personal name Supervised by Dr. Imran Touqir
9 (RLIN) 132100
942 ## - ADDED ENTRY ELEMENTS (KOHA)
Koha item type Project Report
Source of classification or shelving scheme
Holdings
Withdrawn status Lost status Source of classification or shelving scheme Damaged status Not for loan Permanent Location Current Location Shelving location Date acquired Full call number Barcode Date last seen Price effective from Koha item type
          Military College of Signals (MCS) Military College of Signals (MCS) Reference 12/12/2016 621.382, HUS MCSPTC-169 12/08/2016 12/12/2016 Project Report
© 2023 Central Library, National University of Sciences and Technology. All Rights Reserved.